[Event "Mondiale Lampo FIDE 2019"]
[Site "Mosca"]
[Date "29.12.2019"]
[Round "5.79"]
[White "Krsnik Cohar, Ivan Vihor"]
[Black "Suleymanli, Aydin"]
[Result "1/2-1/2"]
[WhiteTitle "FM"]
[BlackTitle "IM"]
[WhiteElo "2313"]
[BlackElo "2473"]
[WhiteFideId "14520044"]
[BlackFideId "13413937"]
[EventDate "2019.12.29"]

1. d4 d5 2. Bg5 Nf6 3. Nd2 e6 4. e3 h6 5. Bh4 c5 6. c3 Nc6 7. Bd3 Qb6 8. Rb1 Be7
9. f4 Qd8 10. Qe2 g5 11. Bg3 gxf4 12. Bxf4 Bd6 13. Bxd6 Qxd6 14. Ngf3 Rg8 15.
Bb5 Bd7 16. Bxc6 Bxc6 17. Ne5 Nd7 18. Nxd7 Bxd7 19. Nf3 O-O-O 20. Ne5 Be8 21.
O-O Qe7 22. Qf2 f5 23. Qf4 Rg5 24. Rf3 Bh5 25. Rg3 Rdg8 26. Rf1 Qg7 27. dxc5
Rxg3 28. Qxg3 Qxg3 29. hxg3 Rxg3 30. Kf2 Rg5 31. Rh1 Kd8 32. Nd3 Ke7 33. Nf4 Bf7
34. Rxh6 Rg4 35. b4 e5 36. Nd3 Re4 37. Rd6 a6 38. Rb6 d4 39. Rxb7+ Kf6 40. Rb6+
Ke7 41. cxd4 exd4 42. exd4 Rxd4 43. Ne5 Be8 44. a3 Rd2+ 45. Ke3 Rxg2 46. Rxa6
Bb5 47. Rb6 Re2+ 48. Kf4 Ba4 49. Rb7+ Ke6 50. Rb6+ Ke7 51. Nf3 Bc2 52. c6 Re4+
53. Kg3 f4+ 54. Kf2 Bd1 55. Rb7+ Kf6 56. Ng1 Rc4 57. c7 Rc2+ 58. Ke1 Bg4 59. b5
Rc1+ 60. Kf2 Rc2+ 61. Ke1 Rc1+ 62. Kf2 Rc2+ 63. Kf1 Rc1+ 64. Kg2 Rc2+ 65. Kf1
Rc1+ 66. Kf2 Rc2+ 67. Ke1 Rc1+ 68. Kf2 1/2-1/2

[Event "Mondiale Lampo FIDE 2019"]
[Site "Mosca"]
[Date "29.12.2019"]
[Round "5.80"]
[White "Shcherbakov, Ruslan"]
[Black "Yagupov, Igor"]
[Result "1/2-1/2"]
[WhiteTitle "GM"]
[BlackTitle "GM"]
[WhiteElo "2527"]
[BlackElo "2357"]
[WhiteFideId "4102240"]
[BlackFideId "4113632"]
[EventDate "2019.12.29"]

1. e4 c5 2. Nf3 Nc6 3. Bb5 Nf6 4. Nc3 g6 5. O-O Bg7 6. Bxc6 dxc6 7. d3 O-O 8.
Be3 b6 9. h3 Nd7 10. Qd2 Re8 11. Bh6 Bh8 12. Ng5 e5 13. f4 f6 14. Nf3 exf4 15.
Qxf4 Bg7 16. Bxg7 Kxg7 17. Rf2 Qe7 18. Raf1 Rf8 19. Qc7 Rf7 20. Qg3 Ba6 21. b3
Raf8 22. Ne2 Ne5 23. Nxe5 Qxe5 24. Nf4 Bc8 25. Rf3 Bd7 26. Qf2 Qd4 27. Qxd4 cxd4
28. Ne2 c5 29. Nf4 Re8 30. Nd5 Ref8 31. a4 g5 32. a5 Bc6 33. axb6 Bxd5 34. exd5
axb6 35. Re1 Rd8 36. Rf5 Rd6 37. Re8 Rfd7 38. Rb8 h5 39. g4 hxg4 40. hxg4 Rxd5
41. Rxd5 Rxd5 42. Rxb6 f5 43. gxf5 Rxf5 44. Rc6 Kf7 45. Kg2 Ke7 46. Kg3 Kd7 47.
Rg6 Re5 48. Kf3 Ke7 49. Kf2 Kd7 50. Kf3 Kc7 1/2-1/2

[Event "Mondiale Lampo FIDE 2019"]
[Site "Mosca"]
[Date "29.12.2019"]
[Round "5.81"]
[White "Potapov, Pavel"]
[Black "Sutovsky, Emil"]
[Result "1-0"]
[WhiteTitle "GM"]
[BlackTitle "GM"]
[WhiteElo "2482"]
[BlackElo "2643"]
[WhiteFideId "4169786"]
[BlackFideId "2802007"]
[EventDate "2019.12.29"]

1. e4 c5 2. c3 d5 3. exd5 Qxd5 4. d4 Nf6 5. Nf3 e6 6. Be3 cxd4 7. cxd4 Bb4+ 8.
Nc3 Bd7 9. Bd3 Bb5 10. O-O Bxc3 11. bxc3 Bxd3 12. Qxd3 Qe4 13. Qb5+ Qc6 14. Qb3
Nbd7 15. c4 O-O 16. Rfc1 b6 17. a4 Ng4 18. a5 Nxe3 19. fxe3 h6 20. axb6 axb6 21.
Qb5 Qd6 22. Rcb1 Rfc8 23. Rxa8 Rxa8 24. Ne5 Nxe5 25. dxe5 Qd2 26. Qxb6 Ra2 27.
Qb7 Qxe3+ 28. Kh1 Rc2 29. Rf1 Qf2 30. Qa8+ Kh7 31. Qe4+ g6 32. Rg1 Re2 33. Qb1
Kg7 34. h3 Qg3 35. c5 Rxe5 36. c6 Rh5 37. Rc1 Rg5 38. Qb2+ e5 39. c7 Rh5 40.
c8=Q Rf5 41. Qe2 Qf4 42. Re1 Qg3 43. Qxf5 gxf5 44. Qxe5+ 1-0

[Event "Mondiale Lampo FIDE 2019"]
[Site "Mosca"]
[Date "29.12.2019"]
[Round "5.82"]
[White "Baron, Tal"]
[Black "Indjic, Aleksandar"]
[Result "0-1"]
[WhiteTitle "GM"]
[BlackTitle "GM"]
[WhiteElo "2541"]
[BlackElo "2619"]
[WhiteFideId "2809958"]
[BlackFideId "911925"]
[EventDate "2019.12.29"]

1. Nf3 g6 2. d4 Bg7 3. e4 d6 4. Nbd2 Nc6 5. Bb5 a6 6. Bxc6+ bxc6 7. O-O Nf6 8.
Re1 O-O 9. c3 Nd7 10. Nc4 a5 11. Be3 Nb6 12. Ncd2 a4 13. h4 h6 14. Qc1 f5 15.
exf5 Bxf5 16. Nf1 Kh7 17. Ng3 Qd7 18. h5 g5 19. b3 Kg8 20. Qd2 Bh7 21. Nh2 Nd5
22. Nhf1 Nf4 23. Bxf4 gxf4 24. Ne4 f3 25. Nfg3 fxg2 26. Kxg2 Rf7 27. Rg1 Raf8
28. Raf1 Qg4 29. Qe1 Qf3+ 30. Kh2 Rf4 31. Rg2 Bxe4 32. Nxe4 Rxe4 0-1

[Event "Mondiale Lampo FIDE 2019"]
[Site "Mosca"]
[Date "29.12.2019"]
[Round "5.83"]
[White "Guseinov, Gadir"]
[Black "Tregubov, Pavel V."]
[Result "1-0"]
[WhiteTitle "GM"]
[BlackTitle "GM"]
[WhiteElo "2666"]
[BlackElo "2588"]
[WhiteFideId "13401378"]
[BlackFideId "4115341"]
[EventDate "2019.12.29"]

1. e4 c5 2. Nc3 e6 3. Nf3 Nc6 4. d4 cxd4 5. Nxd4 Nf6 6. g3 d5 7. exd5 exd5 8.
Bg2 Bg4 9. Qd3 Bc5 10. Be3 Nxd4 11. Bxd4 Qe7+ 12. Kf1 O-O 13. Re1 Qd6 14. h3 Bh5
15. Be5 Qc6 16. Nxd5 Nxd5 17. Qxd5 Qa6+ 18. c4 Bb4 19. Bc3 Bxc3 20. bxc3 Bg6 21.
Kg1 Qxa2 22. h4 h5 23. g4 Rad8 24. Qg5 Qd2 25. Qxd2 Rxd2 26. gxh5 Bxh5 27. Bxb7
Rc2 28. Rh3 a5 29. c5 a4 30. Ra1 Bg6 31. Rxa4 Re8 32. Ra8 Rxa8 33. Bxa8 Rc1+ 34.
Kh2 Rc2 35. Re3 Rxf2+ 36. Kg3 Ra2 37. Bb7 Ra5 38. Re8+ Kh7 39. Rc8 Bf5 40. Rc7
Be6 41. Be4+ Kh6 42. Kf4 Ra4 43. Ke5 Rc4 44. Bd5 Bxd5 45. Kxd5 Rxc3 46. Rxf7 Kg6
47. Rf4 Rd3+ 48. Rd4 Rc3 49. c6 Kf6 50. Kd6 Rc1 51. c7 1-0

[Event "Mondiale Lampo FIDE 2019"]
[Site "Mosca"]
[Date "29.12.2019"]
[Round "5.84"]
[White "Bologan, Victor"]
[Black "Lobanov, Sergei"]
[Result "0-1"]
[WhiteTitle "GM"]
[BlackTitle "IM"]
[WhiteElo "2574"]
[BlackElo "2504"]
[WhiteFideId "13900048"]
[BlackFideId "24183750"]
[EventDate "2019.12.29"]

1. e4 c6 2. d4 d5 3. e5 Bf5 4. Nf3 e6 5. Nbd2 Nd7 6. Nb3 h6 7. Be2 Ne7 8. O-O g5
9. a4 a5 10. Ne1 Qc7 11. f4 Bg7 12. fxg5 hxg5 13. Bxg5 f6 14. Bh5+ Rxh5 15.
Qxh5+ Bg6 16. Qh3 fxg5 17. Qxe6 Nf8 18. Qg4 Qd7 19. Qxg5 Ne6 20. Qg4 O-O-O 21.
Nd3 Rg8 22. Nf4 Bf5 23. Qe2 Nxf4 24. Rxf4 Bh6 25. Rf2 Qe6 26. Raf1 Qg6 27. g3
Bg4 28. Qe1 Nf5 29. Rf4 Bh3 30. R1f3 Bxf4 31. Rxf4 Nxg3 32. hxg3 Qxc2 33. Nd2
Qd3 34. Nf3 Bf5 35. e6 Re8 36. Qe5 Bxe6 37. Rf8 Qd1+ 38. Kf2 Qc2+ 39. Ke3 Qc1+
40. Kf2 Qc2+ 41. Kg1 Qd1+ 42. Kg2 Qc2+ 43. Kh1 Qh7+ 44. Kg2 Qh3+ 45. Kf2 Rxf8
46. Ke3 Qf5 0-1

[Event "Mondiale Lampo FIDE 2019"]
[Site "Mosca"]
[Date "29.12.2019"]
[Round "5.85"]
[White "Laznicka, Viktor"]
[Black "Atabayev, Maksat"]
[Result "1-0"]
[WhiteTitle "GM"]
[BlackTitle "GM"]
[WhiteElo "2648"]
[BlackElo "2475"]
[WhiteFideId "316385"]
[BlackFideId "14001101"]
[EventDate "2019.12.29"]

1. d4 Nf6 2. Nf3 g6 3. Bf4 Bg7 4. e3 O-O 5. Be2 d6 6. h3 b6 7. O-O Bb7 8. c4
Nbd7 9. Nc3 e6 10. Bh2 a6 11. a4 Ne4 12. a5 Nxc3 13. bxc3 e5 14. Qb3 Qe7 15.
Rfb1 Be4 16. Rb2 Rfb8 17. Nd2 Bc6 18. Bf3 Bxf3 19. Nxf3 b5 20. Rab1 c6 21. Qa2
Qe6 22. d5 cxd5 23. cxb5 axb5 24. Rxb5 Rxb5 25. Rxb5 Nc5 26. Nd2 h6 27. Bg3 Kh7
28. f3 Qd7 29. Qxd5 Qxb5 30. Qxa8 Qe2 31. Nf1 Qd1 32. a6 Nb3 33. Qb7 Nd2 34. Qb5
Qa1 35. e4 d5 36. exd5 e4 37. fxe4 Bxc3 38. Bf2 Nxe4 39. Be3 Bd4 40. Qd3 Bxe3+
41. Qxe3 f5 42. a7 h5 43. d6 Nxd6 44. Qe7+ Kh6 45. Qf8+ Kg5 46. a8=Q Qd4+ 47.
Kh1 Ne4 48. Qad8+ 1-0

[Event "Mondiale Lampo FIDE 2019"]
[Site "Mosca"]
[Date "29.12.2019"]
[Round "5.86"]
[White "Yanchenko, Roman"]
[Black "Belousov, Danila"]
[Result "1-0"]
[WhiteTitle "FM"]
[BlackTitle "FM"]
[WhiteElo "2463"]
[BlackElo "2274"]
[WhiteFideId "4137329"]
[BlackFideId "4167350"]
[EventDate "2019.12.29"]

1. d4 d5 2. c4 e5 3. e3 exd4 4. exd4 Nf6 5. Nf3 Bb4+ 6. Bd2 Be7 7. c5 O-O 8. Bd3
Ne4 9. Nc3 Bf5 10. Qc2 Nxd2 11. Nxd2 Bxd3 12. Qxd3 Nc6 13. O-O Bf6 14. Nf3 Qd7
15. Rae1 Rfe8 16. h3 a6 17. a3 g6 18. b4 Kg7 19. Re3 Rxe3 20. fxe3 Re8 21. Kh1
Ne7 22. e4 dxe4 23. Nxe4 Nf5 24. Nxf6 Kxf6 25. Nh4 Qd5 26. Nxf5 gxf5 27. Qd2 Kg6
28. Rf3 h6 29. Qf4 Re4 30. Rg3+ Kh7 31. Qxc7 f4 32. Rf3 Rxd4 33. Kh2 Re4 34.
Rxf4 Rxf4 35. Qxf4 Kg8 36. Kg3 Kh7 37. Qf3 Qe5+ 38. Kf2 Qb2+ 39. Kg1 Qa1+ 40.
Qf1 Qd4+ 41. Kh1 Qd5 42. Qf3 Qd7 43. Qb3 Qe7 44. Qd3+ Kg7 45. Qc3+ f6 46. a4 Kg6
47. b5 axb5 48. axb5 Qe2 49. c6 bxc6 50. bxc6 Qe6 51. c7 Qc8 52. Qd3+ Kg5 53.
Qd8 Qa6 54. Qg8+ Kf4 55. Qg4+ Ke3 56. c8=Q Qa1+ 57. Kh2 1-0

[Event "Mondiale Lampo FIDE 2019"]
[Site "Mosca"]
[Date "29.12.2019"]
[Round "5.87"]
[White "Potkin, Vladimir"]
[Black "Gukesh, D"]
[Result "1-0"]
[WhiteTitle "GM"]
[BlackTitle "GM"]
[WhiteElo "2583"]
[BlackElo "2547"]
[WhiteFideId "4131061"]
[BlackFideId "46616543"]
[EventDate "2019.12.29"]

1. Nf3 Nf6 2. c4 g6 3. Nc3 Bg7 4. e4 d6 5. d4 O-O 6. h3 Na6 7. Be3 c6 8. Be2 e5
9. d5 Nh5 10. Qd2 f5 11. Bg5 Nf6 12. exf5 gxf5 13. dxc6 bxc6 14. O-O-O Nc5 15.
Qxd6 Qxd6 16. Rxd6 Nce4 17. Nxe4 Nxe4 18. Rxc6 Nxf2 19. Rf1 Ne4 20. Bh4 Rf7 21.
Rd1 Bb7 22. Re6 Nc5 23. Red6 e4 24. Ng5 Rff8 25. Ne6 Nxe6 26. Rxe6 f4 27. Re7 f3
28. gxf3 exf3 29. Bf1 Bc6 30. Bf2 Rab8 31. b3 a5 32. Rd6 Rbc8 33. Kc2 a4 34. b4
a3 35. Kb3 Rf4 36. Ree6 Be8 37. Re7 Bf7 38. Rdd7 Bf8 39. Rxf7 Rxf7 40. Rd3 Rb7
41. b5 Rf7 42. b6 Bc5 43. Bxc5 Rxc5 44. Kb4 Rc6 45. c5 Rf5 46. Rc3 Rfxc5 47.
Rxc5 Rxb6+ 48. Kxa3 Rb1 49. Bc4+ Kg7 50. Rf5 Rc1 51. Kb4 1-0

[Event "Mondiale Lampo FIDE 2019"]
[Site "Mosca"]
[Date "29.12.2019"]
[Round "5.88"]
[White "Mesropov, Konstantin"]
[Black "Moiseenko, Vadim"]
[Result "1-0"]
[WhiteTitle "IM"]
[BlackTitle "GM"]
[WhiteElo "2422"]
[BlackElo "2526"]
[WhiteFideId "4116887"]
[BlackFideId "4123700"]
[EventDate "2019.12.29"]

1. d4 Nf6 2. Bg5 e6 3. e4 h6 4. Bxf6 Qxf6 5. c3 d6 6. Bd3 Nd7 7. Ne2 g6 8. O-O
Bg7 9. f4 Qe7 10. Nd2 e5 11. Nf3 O-O 12. Kh1 c6 13. Bc2 b5 14. Qe1 a5 15. Rd1 b4
16. Bd3 c5 17. dxe5 dxe5 18. f5 Kh7 19. Ng3 Bb7 20. Bb5 Nf6 21. h3 a4 22. Qe2 a3
23. b3 Rad8 24. cxb4 cxb4 25. Bc4 Bc6 26. Kh2 Rfe8 27. Bb5 Bxb5 28. Qxb5 Rc8 29.
Rd2 Rc3 30. Re1 g5 31. Ng1 g4 32. Qe2 h5 33. Rd3 h4 34. Nf1 g3+ 35. Kh1 Rec8 36.
Nf3 Nh5 37. Rxc3 bxc3 38. Rc1 Bh6 39. Rc2 Nf4 40. Qb5 Qc5 41. Qxc5 Rxc5 42. Ne3
Ne2 43. Nd5 Nd4 44. Rxc3 Rxc3 45. Nxc3 Nxf3 46. gxf3 Be3 47. Kg2 Kg7 48. Nb5 Bc5
49. Nc3 Kf8 50. Nd5 Ke8 51. f4 Bd4 52. fxe5 Bxe5 53. Ne3 Kd7 54. Nc4 Bb2 55. Kf3
f6 56. Ne3 Kd6 57. Ng2 Kc5 58. Nxh4 Bd4 1-0

[Event "Mondiale Lampo FIDE 2019"]
[Site "Mosca"]
[Date "29.12.2019"]
[Round "5.89"]
[White "Reshetnikov, Alexey"]
[Black "Blohberger, Felix"]
[Result "1-0"]
[WhiteTitle "IM"]
[BlackTitle "IM"]
[WhiteElo "2492"]
[BlackElo "2434"]
[WhiteFideId "4162080"]
[BlackFideId "1632051"]
[EventDate "2019.12.29"]

1. b3 d5 2. Bb2 c6 3. e3 Bf5 4. Nf3 h6 5. Be2 e6 6. O-O Nf6 7. d3 Nbd7 8. Nbd2
Be7 9. Re1 O-O 10. Bf1 Bh7 11. e4 a5 12. e5 Ne8 13. a4 Nc7 14. g3 b5 15. Nd4 Nb8
16. f4 b4 17. Bh3 c5 18. N4f3 d4 19. Nc4 Nd5 20. Qd2 Nd7 21. Qf2 N7b6 22. Nfd2
Nxc4 23. Nxc4 Qc7 24. Bc1 Rae8 25. Bd2 Kh8 26. Re2 Kg8 27. Qf3 Rd8 28. Rf1 Rfe8
29. Bg2 Bf8 30. Qh5 Bg6 31. Qh3 Bh7 32. g4 Be7 33. f5 Bg5 34. Bxg5 hxg5 35. f6
Nf4 36. Rxf4 gxf4 37. g5 Bf5 38. Qh4 Rd5 39. Qxf4 Rd7 40. Qh4 Qd8 41. Bc6 Qc7 1-0

[Event "Mondiale Lampo FIDE 2019"]
[Site "Mosca"]
[Date "29.12.2019"]
[Round "5.90"]
[White "Santos Ruiz, Miguel"]
[Black "Usov, Aleksandr E."]
[Result "1-0"]
[WhiteTitle "GM"]
[WhiteElo "2585"]
[BlackElo "2012"]
[WhiteFideId "22291482"]
[BlackFideId "24257109"]
[EventDate "2019.12.29"]

1. e4 c6 2. Nf3 d5 3. d3 dxe4 4. dxe4 Qxd1+ 5. Kxd1 Bg4 6. Be2 Nd7 7. a4 a5 8.
Nfd2 Bxe2+ 9. Kxe2 e6 10. Nc4 Ngf6 11. f3 Bc5 12. Nbd2 O-O 13. Nb3 Bb6 14. Bd2
Bc7 15. Ncxa5 Rfb8 16. g3 Ne8 17. Rhd1 Bxa5 18. Nxa5 Nc5 19. b3 e5 20. Nc4 f6
21. Be3 Ne6 22. Bb6 Nf8 23. Rd3 Kf7 24. Rad1 h5 25. f4 exf4 26. gxf4 g6 27. a5
Rc8 28. Kf3 Rcb8 29. Bc5 Ne6 30. Rd7+ Kg8 31. Bb6 g5 32. f5 Nf4 33. h4 Nh3 34.
Kg3 Nf4 35. Re7 1-0

[Event "Mondiale Lampo FIDE 2019"]
[Site "Mosca"]
[Date "29.12.2019"]
[Round "5.91"]
[White "Luukkonen, Tommi"]
[Black "Narayanan, Srinath"]
[Result "0-1"]
[WhiteTitle "FM"]
[BlackTitle "GM"]
[WhiteElo "2290"]
[BlackElo "2529"]
[WhiteFideId "501808"]
[BlackFideId "5018420"]
[EventDate "2019.12.29"]

1. e4 e5 2. Bc4 Nf6 3. d3 Nc6 4. Nf3 Bc5 5. c3 d6 6. Bg5 h6 7. Bh4 a6 8. a4 g5
9. Bg3 O-O 10. Na3 Ba7 11. Nc2 Be6 12. Bxe6 fxe6 13. O-O Ne7 14. Re1 Ng6 15. d4
Nd7 16. Qd2 Qf6 17. h3 Rf7 18. Ne3 h5 19. d5 Bxe3 20. fxe3 exd5 21. exd5 g4 22.
hxg4 hxg4 23. Nh2 Qg5 24. Qe2 Nf6 25. e4 Nh5 26. Qe3 Ngf4 27. Nf1 Raf8 28. Rad1
Nh3+ 29. Kh2 N3f4 30. c4 Rh7 31. Kg1 Qh6 32. Nh2 Rg7 33. c5 Qf6 34. cxd6 cxd6
35. Rc1 Nxg3 36. Qxg3 Nh5 37. Qe3 g3 38. Nf3 Nf4 39. Rc3 Rh7 40. Rec1 Qh6 41.
Kf1 Qh1+ 42. Ng1 Nxg2+ 0-1

[Event "Mondiale Lampo FIDE 2019"]
[Site "Mosca"]
[Date "29.12.2019"]
[Round "5.93"]
[White "Xu, Xiangyu"]
[Black "Al Ghamdi, Ahmed M"]
[Result "1-0"]
[WhiteTitle "GM"]
[BlackTitle "CM"]
[WhiteElo "2582"]
[BlackElo "2107"]
[WhiteFideId "8608288"]
[BlackFideId "21500150"]
[EventDate "2019.12.29"]

1. e4 e5 2. d4 exd4 3. Qxd4 Nc6 4. Qc4 Nf6 5. Nc3 d6 6. Bd2 Be6 7. Qe2 Qe7 8.
O-O-O O-O-O 9. f3 d5 10. exd5 Nxd5 11. a3 Nxc3 12. Bxc3 Rxd1+ 13. Qxd1 Qd7 14.
Qxd7+ Bxd7 15. h4 f6 16. Bd3 Bd6 17. Ne2 Ne5 18. Be4 Bc6 19. Bxe5 Bxe5 20. Bxc6
bxc6 21. h5 Re8 22. c3 c5 23. Kd2 Kb7 24. Rh4 a5 25. a4 Kc6 26. Kd3 Rd8+ 27. Kc2
Re8 28. Nc1 Re7 29. Re4 Rd7 30. Nb3 Kb6 31. Nd2 Bd6 32. Nc4+ Ka6 33. Re8 Re7 34.
Nxd6 1-0

[Event "Mondiale Lampo FIDE 2019"]
[Site "Mosca"]
[Date "29.12.2019"]
[Round "5.94"]
[White "Mamatov, Melis"]
[Black "Tissir, Mohamed"]
[Result "1-0"]
[BlackTitle "IM"]
[WhiteElo "2292"]
[BlackElo "2379"]
[WhiteFideId "13800027"]
[BlackFideId "9000240"]
[EventDate "2019.12.29"]

1. e4 c5 2. Nc3 Nc6 3. f4 a6 4. Nf3 e6 5. g3 b5 6. Bg2 Bb7 7. d3 Rc8 8. O-O b4
9. Ne2 d5 10. exd5 Qxd5 11. b3 Nf6 12. Bb2 Be7 13. h3 O-O 14. Kh2 Rfd8 15. Qe1
Qh5 16. Kg1 Nd5 17. Qf2 Qg6 18. g4 Nd4 19. Ne5 Qh6 20. Ng3 Bh4 21. Kh2 f6 22.
Nc4 Ba8 23. Rae1 e5 24. fxe5 Rf8 25. e6 Nxe6 26. Rxe6 Bg5 27. Rxa6 Bb7 28. Ra7
Bc6 29. Na5 Be3 30. Qe1 Rce8 31. Nxc6 Nf4 32. Qd1 Nxg2 33. Kxg2 Qg5 34. Qf3 Qh6
35. Nf5 1-0

[Event "Mondiale Lampo FIDE 2019"]
[Site "Mosca"]
[Date "29.12.2019"]
[Round "5.95"]
[White "Thing, Bibek"]
[Black "Geller, Jakov"]
[Result "1/2-1/2"]
[WhiteTitle "CM"]
[BlackTitle "GM"]
[WhiteElo "2222"]
[BlackElo "2521"]
[WhiteFideId "12303135"]
[BlackFideId "4151984"]
[EventDate "2019.12.29"]

1. e4 c5 2. Nf3 e6 3. g3 Nc6 4. Bg2 Nf6 5. d3 d5 6. exd5 Nxd5 7. O-O Be7 8. Nbd2
O-O 9. c3 b6 10. Nc4 Bb7 11. d4 cxd4 12. Nxd4 Nxd4 13. Qxd4 Bf6 14. Qg4 Rc8 15.
Ne3 Nxe3 16. Bxe3 Bxg2 17. Kxg2 Qd5+ 18. Qf3 Qc4 19. Rfd1 Rfd8 20. Qb7 Rc7 21.
Rxd8+ Bxd8 22. Rd1 Bf6 23. Qa8+ Rc8 24. Qxa7 Qe4+ 25. Kg1 h5 26. Qa6 Ra8 27. Qd3
Qxd3 28. Rxd3 Rxa2 29. Rd2 b5 30. Kf1 h4 31. Ke2 Kh7 32. Kf3 Kg6 33. Kg4 hxg3
34. hxg3 Be7 35. Kf4 f5 36. Ke5 Ra6 37. Kd4 Rd6+ 38. Ke5 Rc6 39. Kf4 Bg5+ 40.
Kf3 e5 41. Bxg5 Kxg5 42. Rd5 e4+ 43. Ke3 b4 44. cxb4 Rc4 45. Rd4 Rc2 46. Rd2 Rc4
47. Rd4 Rc2 48. Rd2 Rc4 49. Rd4 1/2-1/2

[Event "Mondiale Lampo FIDE 2019"]
[Site "Mosca"]
[Date "29.12.2019"]
[Round "5.96"]
[White "Al Nhier, Hamoud"]
[Black "Kim, Alexey"]
[Result "0-1"]
[WhiteTitle "FM"]
[BlackTitle "GM"]
[WhiteElo "1934"]
[BlackElo "2464"]
[WhiteFideId "21500045"]
[BlackFideId "4129776"]
[EventDate "2019.12.29"]

1. c4 e6 2. g3 d5 3. cxd5 exd5 4. Bg2 c6 5. Nf3 Nf6 6. O-O Be7 7. d4 O-O 8. Ne5
Nbd7 9. f4 Nxe5 10. fxe5 Ne4 11. Bxe4 dxe4 12. Nc3 f5 13. exf6 Bxf6 14. Be3 Bh3
15. Rf2 Qe7 16. Qc2 Rae8 17. Rd1 Kh8 18. d5 Bxc3 19. Qxc3 Rxf2 20. Kxf2 cxd5 21.
Rxd5 Qf7+ 22. Ke1 0-1

[Event "Mondiale Lampo FIDE 2019"]
[Site "Mosca"]
[Date "29.12.2019"]
[Round "5.97"]
[White "Andriasian, Zaven"]
[Black "Faizrakhmanov, Ramil"]
[Result "1/2-1/2"]
[WhiteTitle "GM"]
[BlackTitle "IM"]
[WhiteElo "2611"]
[BlackElo "2434"]
[WhiteFideId "13302000"]
[BlackFideId "24103209"]
[EventDate "2019.12.29"]

1. e4 c6 2. d3 d5 3. Nd2 e5 4. Ngf3 Bd6 5. g3 Nf6 6. Bg2 O-O 7. O-O Re8 8. Re1
Nbd7 9. b3 a5 10. a3 dxe4 11. dxe4 Qc7 12. Bb2 b6 13. Nh4 Bb7 14. Qf3 Bf8 15.
Nf1 Nc5 16. h3 Rad8 17. Nh2 Ne6 18. Rad1 c5 19. Ng4 Nxg4 20. Qxg4 Nd4 21. Rd2 c4
22. bxc4 Qxc4 23. Red1 Bc8 24. Nf5 g6 25. Qg5 Ne2+ 26. Kh2 Rxd2 27. Rxd2 Nc3 28.
Ne3 Qc5 29. Bxc3 Qxc3 30. Nd5 h6 31. Qe3 Qxe3 32. Nf6+ Kh8 33. fxe3 Re6 34. Rd8
Kg7 35. Ne8+ Rxe8 36. Rxe8 Be6 37. a4 Bc5 38. Bf1 Bd7 39. Rb8 Bxa4 40. Bc4 Bc6
41. Bd5 Bxd5 42. exd5 Kf6 43. e4 a4 44. Ra8 a3 45. Kg2 Ke7 46. Kf3 f5 47. c4 Kf6
48. Ra7 h5 49. h4 g5 50. exf5 Kxf5 51. hxg5 e4+ 52. Ke2 Kxg5 53. Ra6 Kf5 54. Ra8
Ke5 55. Kd2 Kd4 56. Rd8 Kxc4 57. Kc2 b5 58. d6 Kd5 59. d7 a2 60. Ra8 Bb6 61. Kb2
e3 62. Re8 Kd6 63. d8=Q+ Bxd8 64. Rxd8+ Ke5 65. Kxa2 Ke4 66. Kb3 e2 67. Kc2
e1=N+ 68. Kd2 Nf3+ 69. Ke2 Nd4+ 70. Kf2 b4 71. Re8+ Kd3 72. Re3+ Kc2 73. Re7 b3
74. Rb7 b2 75. Rxb2+ Kxb2 76. g4 hxg4 77. Kg3 Nf5+ 78. Kxg4 1/2-1/2

[Event "Mondiale Lampo FIDE 2019"]
[Site "Mosca"]
[Date "29.12.2019"]
[Round "5.98"]
[White "Melkumyan, Hrant"]
[Black "Guimaraes, Diogo Duarte"]
[Result "1-0"]
[WhiteTitle "GM"]
[BlackTitle "FM"]
[WhiteElo "2668"]
[BlackElo "2322"]
[WhiteFideId "13302485"]
[BlackFideId "2112450"]
[EventDate "2019.12.29"]

1. e4 e5 2. Nf3 Nc6 3. Bc4 Nf6 4. Ng5 d5 5. exd5 Na5 6. Bb5+ c6 7. dxc6 bxc6 8.
Bd3 h6 9. Ne4 Nd5 10. O-O Nf4 11. Re1 Nxd3 12. cxd3 Be7 13. b3 O-O 14. Ba3 Bxa3
15. Nxa3 Qxd3 16. Rc1 Bf5 17. Nc5 Qd5 18. b4 Qxa2 19. Ra1 Qd5 20. Qf3 e4 21. Qc3
Rfd8 22. bxa5 Qxd2 23. Qxd2 Rxd2 24. Nxe4 Rd5 25. Nc4 Rad8 26. Ng3 Be6 27. h3
Rc5 28. Ne5 Rdd5 29. f4 Rxa5 30. Rxa5 Rxa5 31. Nxc6 Ra2 32. f5 Bd7 33. Ne5 Bb5
34. Rc1 Kf8 35. Rc7 Be8 36. f6 gxf6 37. Ng4 Ra1+ 38. Kh2 Bb5 39. Nf5 Ke8 40.
Nd6+ Kd8 41. Nxb5 a6 42. Ra7 h5 43. Nxf6 Rf1 44. Rd7+ Kc8 45. Nd6+ Kb8 46. Rb7+
Ka8 47. Nd5 1-0

[Event "Mondiale Lampo FIDE 2019"]
[Site "Mosca"]
[Date "29.12.2019"]
[Round "5.99"]
[White "Makarian, Rudik"]
[Black "Kryakvin, Dmitry"]
[Result "1-0"]
[WhiteTitle "IM"]
[BlackTitle "GM"]
[WhiteElo "2397"]
[BlackElo "2596"]
[WhiteFideId "44105681"]
[BlackFideId "4153278"]
[EventDate "2019.12.29"]

1. Nf3 Nf6 2. c4 g6 3. Nc3 Bg7 4. e4 d6 5. d4 O-O 6. Be2 c5 7. d5 e6 8. O-O Re8
9. Nd2 Na6 10. Re1 Nc7 11. Bf1 b6 12. h3 Rb8 13. a4 a6 14. dxe6 Nxe6 15. Nd5 Nd4
16. Ra3 Nxd5 17. cxd5 b5 18. axb5 axb5 19. b4 Bd7 20. bxc5 dxc5 21. Nb3 Nxb3 22.
Rxb3 c4 23. Rbe3 Ra8 24. e5 Ra1 25. Qc2 Bf5 26. Qb2 Rb1 27. Qd4 Qa8 28. g4 Bd7
29. Bg2 Qa1 30. Qxa1 Rxa1 31. e6 fxe6 32. dxe6 Bc8 33. Bc6 Re7 34. Ba3 Rxa3 35.
Rxa3 Bxe6 36. Rxe6 Rxe6 37. Bd5 Kf7 38. Ra6 c3 39. Bxe6+ Ke7 40. Bb3 Bd4 41. Kf1
Kd7 42. Ke2 Kc7 43. f4 Kb7 44. Rd6 Bc5 45. Rd7+ Kb6 46. Rxh7 Ka5 47. Kd3 Kb4 1-0

[Event "Mondiale Lampo FIDE 2019"]
[Site "Mosca"]
[Date "29.12.2019"]
[Round "5.100"]
[White "Sek, Konstantin"]
[Black "Mikhailovsky, Vladimir"]
[Result "1-0"]
[BlackTitle "CM"]
[WhiteElo "2446"]
[BlackElo "2209"]
[WhiteFideId "24104302"]
[BlackFideId "34105414"]
[EventDate "2019.12.29"]

1. e4 Nf6 2. e5 Nd5 3. d4 d6 4. Nf3 Bg4 5. Be2 e6 6. O-O Be7 7. c4 Nb6 8. Nc3
Nc6 9. exd6 cxd6 10. d5 exd5 11. cxd5 Bxf3 12. Bxf3 Ne5 13. Be2 O-O 14. a4 Rc8
15. Qb3 Qd7 16. Nb5 Ra8 17. Nxa7 Nxd5 18. Qxd5 Rxa7 19. Be3 Raa8 20. Bb5 Nc6 21.
Rac1 Rfc8 22. Rfd1 h6 23. Bf4 Qg4 24. Bg3 Bf6 25. h3 Qb4 26. b3 Nd4 27. Bc4 Ne6
28. Bxd6 Qb6 29. Bg3 Rd8 30. Qb5 Qa7 31. Bd5 Nd4 32. Qxb7 Ne2+ 33. Kf1 Nxc1 34.
Rxc1 Qa6+ 35. Qxa6 Rxa6 36. Bc4 Rb6 37. Bc7 1-0